Teodicea de precisión matemática (Registro nro. 70165)
[ vista simple ]
| 000 -LÍDER | |
|---|---|
| Campo fijo de descripción fija | 01312nab a2200217 i 4500 |
| 001 - NÚMERO DE CONTROL | |
| Campo de control | 768714001 |
| 003 - IDENTIFICADOR DEL NÚMERO DE CONTROL | |
| Campo de control | CO-MdFUSB |
| 005 - FECHA Y HORA DE LA ULTIMA TRANSACCIÓN | |
| control field | 20240612131408.0 |
| 008 - ELEMENTOS DE LONGITUD FIJA -- INFORMACIÓN GENERAL | |
| Campo fijo de descripción fija -- Información general | 240612t1961 sp ||||| |||| 00| 0 spa d |
| 040 ## - FUENTE DE CATALOGACIÓN | |
| Idioma de catalogación | spa |
| Agencia que realiza la transcripción | CO-MdFUSB |
| Agencia que realiza la modificación | CO-MdFUSB |
| 041 ## - CÓDIGO DE IDIOMA | |
| Código de idioma para texto/pista de sonido o título separado | spa |
| 100 ## - ASIENTO PRINCIPAL--NOMBRE PERSONAL | |
| Nombre personal | Fartos Martínez, Maximiliano, |
| Término relacionador | autor |
| 245 ## - TÍTULO | |
| Título | Teodicea de precisión matemática |
| Mención de responsabilidad | / Maximiliano Fartos Martínez |
| 520 ## - NOTA DE RESUMEN, ETC. | |
| Nota de sumario, etc. | DeI principio de contradicción dimanan los siguientes postulados: «Las propiedades esenciales de dos contradictorios son contradictorias» ; «dados tres términos, dos de los cuales contradictorios, si el primero es sociable con el tercero, el contradictorio de éste Io es con el segundo».<br/>Ahora bien; ser por-sí y ser por-otro son estrictamente contradictorios por Io que si conocemos las propiedades de uno podemos conocer las del otro por «ascensión contradictorial», es decir, atribuyéndole las contradictorias de ésas conocidas. |
| 650 #7 - ASIENTO SECUNDARIO DE MATERIA - TERMINO TEMÁTICO | |
| Término temático o nombre geográfico como elemento de entrada | Dios |
| Subdivisión general | Enseñanza bíblica |
| 9 (RLIN) | 323 |
| 650 #0 - ASIENTO SECUNDARIO DE MATERIA - TERMINO TEMÁTICO | |
| Término temático o nombre geográfico como elemento de entrada | Hombres (Teología cristiana) |
| 9 (RLIN) | 1269 |
| 653 ## - TÉRMINO DE INDIZACIÓN - NO CONTROLADO | |
| Término no controlado | Teodicea |
| 773 0# - ASIENTO DE ITEM FUENTE | |
| Biblionumber | 70126 |
| Itemnumber | 82754 |
| Lugar, editorial y fecha de publicación | Salamanca, España : |
| Otro identificador del ítem | R2629 |
| Título | Salmanticensis |
| Número de control del registro | (CO-MdFUSB)768714001 |
| Parte(s) relacionada(s) / Volumen., número. (mes año), páginas | Volumen 8, (fascículo 2, 1961) páginas: 447 - 459 |
| Enumeración y primera página | página: 447 |
| 942 ## - TIPO DE MATERIAL (KOHA) | |
| Tipo de Item KOHA | Artículos de Revista |
| 945 ## - INFORMACIÓN LOCAL DEL REGISTRO | |
| Catalogador | Catherine Arias Álvarez - Practicante SENA |
No hay ítems disponibles.
